India and the republic of Korea : (Record no. 95168)

MARC details
000 -LEADER
fixed length control field 00638nam a22001937a 4500
005 - DATE AND TIME OF LATEST TRANSACTION
control field 20150810143959.0
010 ## - LCCN (DPL NO)
LC control number ENG-113594
020 ## - INTERNATIONAL STANDARD BOOK NUMBER
International Standard Book Number 9781138020368
Terms of availability 795.00
035 ## - SYSTEM CONTROL NUMBER
System control number EN-97126
037 ## - SOURCE OF ACQUISITION
Source of stock number/acquisition DBAD/PUB
082 ## - DEWEY DECIMAL CLASSIFICATION NUMBER
Classification number 330.09
100 ## - MAIN ENTRY--PERSONAL NAME
Personal name Tayal, Skand R.
245 ## - TITLE STATEMENT
Title India and the republic of Korea :
Statement of responsibility, etc by Skand R. Tayal
Remainder of title engaged democracies /
260 ## - PUBLICATION, DISTRIBUTION, ETC. (IMPRINT)
Place of publication, distribution, etc New Delhi
Name of publisher, distributor, etc Routledge
Date of publication, distribution, etc 2014
270 ## - ADDRESS
Address 912 Tolstoy House, 15-17 Tolstoy Marg, Connaught Place
City New Delhi
Postal code 110001
300 ## - PHYSICAL DESCRIPTION
Extent xviii,295p.
Dimensions 23cm(Hb)
500 ## - GENERAL NOTE
General note Includes bibliographical references and index
942 ## - ADDED ENTRY ELEMENTS (KOHA)
Source of classification or shelving scheme Dewey Decimal Classification
Item type English Books
Call number suffix TAY
Classification part 330.09
Holdings
Withdrawn status Lost status Not for loan Collection code Home library Current library Date acquired Source of acquisition Cost, normal purchase price Full call number Barcode Copy number Cost, replacement price Koha item type
    Not For Loan Non-fiction D.B.Act.Division D.B.Act.Division 22/07/2015 DBAD/PUB 795.00 330.09 TAY EN-97126 1 795.00 English Books

© Delhi Public Library
Hit Counter
free hit counter